Skład - Lech Poznań - Statystyki

Ogólne statystyki
  • Ten quiz został rozwiązany 171 razy
  • Średni wynik to 16 z 30
Statystyki odpowiedzi
Narodowość Piłkarz % Poprawnych
Szwecja Mikael Ishak
92%
Ukraina Artur Rud´ko
81%
Szkocja Barry Douglas
80%
Portugalia Joel Pereira
80%
Polska Michał Skóraś
78%
Wybrzeże Kości Słoniowej Adriel Ba Loua
74%
Norwegia Kristoffer Velde
74%
Polska Filip Bednarek
69%
Portugalia João Amaral
69%
Chorwacja Antonio Milić
68%
Polska Filip Szymczak
68%
Portugalia Afonso Sousa
67%
Szwecja Filip Dagerstål
67%
Polska Filip Marchwiński
67%
Szwecja Jesper Karlström
67%
Polska Radosław Murawski
67%
Polska Bartosz Salamon
65%
Słowacja Ľubomír Šatka
63%
Polska Artur Sobiech
53%
Polska Alan Czerwiński
51%
Gruzja Nika Kwekweskiri
49%
Polska Maksymilian Pingot
35%
Gruzja Heorhij Citaiszwili
34%
Polska Antoni Kozubal
31%
Polska Jakub Antczak
28%
Polska Krzysztof Bąkowski
19%
Polska Mateusz Żukowski
17%
Polska Norbert Pacławski
15%
Polska Maksym Czekała
11%
Portugalia Pedro Robocho
5%
Nie znaleziono quizów pasujących do podanych kryteriów
Rozkład punktacji
Procent ludzi z każdym wynikiem
Percentyl według liczby udzielonych odpowiedzi
Twoja historia wyników
Nie rozwiązałeś tego quizu